Central Library OPAC University of Rajshahi

The world of action : (Record no. 64063)

MARC details
000 -LEADER
fixed length control field 00694nam a2200217 a 4500
001 - CONTROL NUMBER
control field 64063
003 - CONTROL NUMBER IDENTIFIER
rucl marc code BD-RjUL
005 - DATE AND TIME OF LATEST TRANSACTION
control field 20211209081252.0
008 - FIXED-LENGTH DATA ELEMENTS--GENERAL INFORMATION
fixed length control field 170208s1938 maua 001 0 eng
035 ## - SYSTEM CONTROL NUMBER
System control number (BD-RjUL)64193
040 ## - CATALOGING SOURCE
Original cataloging agency DLC
Transcribing agency KSU
Modifying agency BD-RjUL
Language of cataloging eng
041 ## - LANGUAGE CODE
Language code of text/sound track or separate title eng
082 ## - DEWEY DECIMAL CLASSIFICATION NUMBER
Edition number 23
Classification number 070.1720941
Author mark and year WIW 1938
100 1# - MAIN ENTRY--PERSONAL NAME
Personal name Williams, Valentine,
Dates associated with a name 1883-1946.
9 (RLIN) 190280
245 10 - TITLE STATEMENT
Title The world of action :
Remainder of title the autobiography of Valentine Willams /
Statement of responsibility, etc. Valentine Williams
260 ## - PUBLICATION, DISTRIBUTION, ETC. (IMPRINT)
Place of publication, distribution, etc. Boston :
Name of publisher, distributor, etc. Houghton Mifflin Company,
Date of publication, distribution, etc. c1938.
300 ## - PHYSICAL DESCRIPTION
Pagination 429 p. :
Illustrations ill. ;
Size 22 cm.
500 ## - GENERAL NOTE
General note Includes index.
600 ## - SUBJECT ADDED ENTRY--PERSONAL NAME
Personal name Williams, Valentine, 1883-1946
Titles and other words associated with a name Authors, English
942 ## - ADDED ENTRY ELEMENTS (KOHA)
Source of classification or shelving scheme Dewey Decimal Classification
Koha item type Books
Holdings
Lost status Source of classification or shelving scheme Damaged status Not for loan Collection code Permanent Location Current Location Shelving location Date acquired Source of acquisition Total Checkouts Full call number Date last seen Copy number Koha item type
  Dewey Decimal Classification   Not For Loan Non-fiction Central Library, University of Rajshahi Central Library, University of Rajshahi Reading Room 01/04/1974 British national book centre   070.1720941 WIW 1938 08/02/2017 C-1 Books